00484nam a22001817a 4500003001100000005001700011008004100028020001500069040003900084041000800123082001700131100001900148245001900167260003300186300004500219650002000264700001800284LK-CoMWRAF20231030134524.0231014b2005 |||||||| |||| 00| 0 eng d a0072879289 aLK-CoMWRAFdLK-CoMWRAFeLK-CoMWRAF aeng a343.099bPEM aPember, Don R. aMass media law aBoston: bMcGraw-Hill,c2005 a xi, 676 p.bGlossary and index included aLAW- Mass media aCalvert, Clay